Welcome to the Holygrace Academy Library

Please use search bar below to get started

SIMPLY DREADFUL JOKES (Record no. 5728)

MARC details
000 -LEADER
fixed length control field 00291nam a22001217a 4500
020 ## - INTERNATIONAL STANDARD BOOK NUMBER
ISBN 978-1-84205-675-2
082 ## - DEWEY DECIMAL CLASSIFICATION NUMBER
Classification number 823
Item number GED/S
100 ## - MAIN ENTRY--AUTHOR NAME
Personal name GEDDES & GROSSET
245 ## - TITLE STATEMENT
Title SIMPLY DREADFUL JOKES
260 ## - PUBLICATION, DISTRIBUTION, ETC. (IMPRINT)
Place of publication SCOTLAND
Name of publisher GEDDES & GROSSET
Year of publication 2010
650 ## - SUBJECT ADDED ENTRY--TOPICAL TERM
Topical Term JOKES
Geographic subdivision UNITED KINGDOM
942 ## - ADDED ENTRY ELEMENTS (KOHA)
Koha item type Books
Holdings
Withdrawn status Lost status Collection code Home library Current library Shelving location Date acquired Source of acquisition Full call number Accession Number Koha item type
    Non-fiction Main Library Main Library SHELF 15E--PSYCHOLOGY,JOKES 21/03/2014 purchase 823 GED/S 08055 Books